| 000 | 00667nam a2200217Ia 4500 | ||
|---|---|---|---|
| 003 | BUBTL | ||
| 008 | 151213s9999 xx 000 0 und d | ||
| 020 | _a0801632315 | ||
| 082 | _a790.069/ K8681c/ 1990 | ||
| 100 |
_aKraus, Richard G. _94378 |
||
| 245 |
_aCreative Management: In Recreation, Parks, and Leisure Services/ _cRichard G.Kraus & Joseph E.Curtis |
||
| 250 | _a5th | ||
| 260 |
_aBoston _bMcGraw hill _cc1990 |
||
| 300 |
_a[xiv], 494p. : _bill. ; 24cm. |
||
| 500 | _aIncludes Index | ||
| 650 |
_aManagement _93121 |
||
| 700 |
_aRichard G.Kraus & Joseph E.Curtis _93120 |
||
| 856 |
_k0 _l0 _yDownload |
||
| 942 |
_2ddc _cBK |
||
| 999 |
_c1165 _d1165 |
||